Statistics for Rites of The Catholic Church

Click here to take the quiz!

General Stats

  • This quiz has been taken 45 times
  • The average score is 21 of 25

Answer Stats

RiteChurch% Correct
East SyriacChaldean Catholic Church
98%
LatinLatin Church
98%
ByzantineAlbanian Greek Catholic Church
95%
ByzantineRomanian Greek Catholic Church
95%
ByzantineRussian Greek Catholic Church
95%
ByzantineRuthenian Greek Catholic Church
95%
ArmenianArmenian Catholic Church
93%
ByzantineMacedonian Greek Catholic Church
93%
ByzantineMelkite Greek Catholic Church
93%
ByzantineBelarusian Greek Catholic Church
90%
ByzantineBulgarian Greek Catholic Church
90%
ByzantineGreek Byzantine Catholic Church
90%
AlexandrianCoptic Catholic Church
85%
ByzantineGreek Catholic Church of Croatia and Serbia
85%
ByzantineSlovak Greek Catholic Church
85%
AlexandrianEthiopian Catholic Church
83%
ByzantineUkrainian Greek Catholic Church
83%
ByzantineHungarian Greek Catholic Church
80%
ByzantineItalo-Albanian Catholic Church
80%
East SyriacSyro-Malabar Catholic Church
78%
West SyriacSyro-Malankara Catholic Church
78%
West SyriacSyriac Catholic Church
75%
West SyriacMaronite Church
70%
AlexandrianEritrean Catholic Church
68%
OtherOther
65%

Score Distribution

Percentile by Number Answered

Percent of People with Each Score

Your Score History

You have not taken this quiz